New Dimension of Logistics Innovations Development in Agricultural Enterprises in Slovakia

Komplexný a systematický pohľad na nový rozmer logistiky v podobe logistických inovácií v poľnohospodárskych podnikoch na Slovensku. Vybrané logistické inovácie v poľnohospodárskych podnikoch. Testovanie hypotéz preukázalo, že medzi využitím štíhlej logistiky a inováciou výrobnej logistiky existuje...

Ausführliche Beschreibung

Gespeichert in:
Bibliographische Detailangaben
1. Verfasser: Szabo, Ľuboslav
Weitere Verfasser: Richnák, Patrik, 1988-, Gubová, Klaudia, 1986-
Format: Buchkapitel
Sprache:Englisch
Schlagworte:
Tags: Tag hinzufügen
Keine Tags, Fügen Sie das erste Tag hinzu!

MARC

LEADER 00000naa a2200000 4500
001 0273276
005 20260225095614.1
041 0 |a eng 
044 |a CZ 
245 1 0 |a New Dimension of Logistics Innovations Development in Agricultural Enterprises in Slovakia  |c Ľuboslav Szabo, Patrik Richnák, Klaudia Gubová 
520 |a Komplexný a systematický pohľad na nový rozmer logistiky v podobe logistických inovácií v poľnohospodárskych podnikoch na Slovensku. Vybrané logistické inovácie v poľnohospodárskych podnikoch. Testovanie hypotéz preukázalo, že medzi využitím štíhlej logistiky a inováciou výrobnej logistiky existuje štatisticky významný vzťah. Štatisticky významný vzťah medzi využitím rádiofrekvenčnej identifikácie (RFID) a inováciou logistického procesu - riadením zásob. 
610 2 0 |a inovácie technologické 
610 2 0 |a logistika 
610 2 0 |a podnik poľnohospodársky 
610 2 0 |a rádiotechnika 
100 1 |a Szabo, Ľuboslav 
700 1 |a Richnák, Patrik, 1988- 
700 1 |a Gubová, Klaudia, 1986-